Statistics for Persona 4 Golden Voice Actors

Click here to take the quiz!

General Stats

  • This quiz has been taken 12 times
  • The average score is 9 of 14

Answer Stats

CharacterActor% Correct
Tohru AdachiJohnny Yong Bosch
100%
Yu NarukamiJohnny Yong Bosch
100%
Rise KujikawaLaura Bailey
100%
Nanako DojimaKaren Strassman
88%
Yosuke HanamuraYuri Lowenthal
88%
Kanji TatsumiTroy Baker
75%
Yukiko AmagiAmanda Winn-Lee
63%
MarieEden Riegel
63%
TeddieSam Riegel
63%
Naoto ShiroganeAnna Graves
50%
Chie SatonakaErin Fitzgerald
50%
Ryotaro DojimaJB Blanc
38%
IgorDaniel Woren
25%
MargaretMichelle Ann Dunphy
25%

Score Distribution

Percentile by Number Answered

Percent of People with Each Score

Your Score History

You have not taken this quiz